|
|
|
|
| LEADER |
00000naa2a2200000 4500 |
| 001 |
101667 |
| 005 |
20240220101404.0 |
| 035 |
|
|
|a (RuTPU)RU\TPU\book\109623
|
| 090 |
|
|
|a 101667
|
| 100 |
|
|
|a 20060914d2003 k y0rusy50 ca
|
| 101 |
0 |
|
|a rus
|
| 102 |
|
|
|a RU
|
| 200 |
1 |
|
|a Метафорическая интерпретация чувства влюблённости в русских народных говорах
|f Л. Н. Коберник
|
| 320 |
|
|
|a Библиогр.: 14 назв.
|
| 463 |
|
0 |
|0 (RuTPU)RU\TPU\book\64057
|y 5-98298-046-3
|t Коммуникативные аспекты языка и культуры
|o III Всероссийская научно-практическая конференция студентов, аспирантов и молодых ученых, Томск, 15-16 мая 2003 г.
|o Сборник научных трудов
|f Томский политехнический университет; Институт языковой коммуникации
|v С. 40-44.
|d 2003
|p 249 с.
|
| 610 |
1 |
|
|a чувства
|
| 610 |
1 |
|
|a влюблённость
|
| 610 |
1 |
|
|a народные говоры
|
| 610 |
1 |
|
|a русский язык
|
| 610 |
1 |
|
|a метафорические единицы
|
| 610 |
1 |
|
|a труды учёных ТПУ
|
| 700 |
|
1 |
|a Коберник
|b Л. Н.
|c лингвист
|c доцент Томского политехнического университета, кандидат филологических наук
|f 1977-
|g Любовь Николаевна
|3 (RuTPU)RU\TPU\pers\29737
|9 14222
|
| 801 |
|
1 |
|a RU
|b 63413507
|c 20060914
|g PSBO
|
| 801 |
|
2 |
|a RU
|b 63413507
|c 20150429
|g PSBO
|
| 942 |
|
|
|c BK
|